Ciudad Rodrigo (Record no. 6537)
[ view plain ]
| 000 -CABECERA | |
|---|---|
| campo de control de longitud fija | 00789nam a2200217 a 4500 |
| 001 - NÚMERO DE CONTROL | |
| campo de control | BRCA_6855 |
| 005 - FECHA Y HORA DE LA ÚLTIMA TRANSACCIÓN | |
| campo de control | 20190321142921.0 |
| 008 - DATOS DE LONGITUD FIJA--INFORMACIÓN GENERAL | |
| campo de control de longitud fija | 091111s1940----sp-o######---#000-0#spa-# |
| 041 ## - CÓDIGO DE LENGUA | |
| Código de lengua del texto/banda sonora o título independiente | spa |
| 044 ## - CÓDIGO DEL PAÍS DE LA ENTIDAD EDITORA/PRODUCTORA | |
| Código MARC del país | sp |
| 050 #4 - SIGNATURA TOPOGRÁFICA DE LA BIBLIOTECA DEL CONGRESO | |
| Número de documento/Ítem | .C58 1940 |
| 245 10 - MENCIÓN DE TÍTULO | |
| Título | Ciudad Rodrigo |
| Mención de responsabilidad, etc. | Fotos Pazo. |
| 260 ## - PUBLICACIÓN, DISTRIBUCIÓN, ETC. | |
| Lugar de publicación, distribución, etc. | España |
| Fecha de publicación, distribución, etc. | [1940] |
| 300 ## - DESCRIPCIÓN FÍSICA | |
| Extensión | 4 v. |
| Otras características físicas | Fotografías |
| Dimensiones | 9 cm. |
| 500 ## - NOTA GENERAL | |
| Nota general | Tarjetas postales inventariadas por Banco de México como libro |
| 500 ## - NOTA GENERAL | |
| Nota general | L140 |
| 501 ## - NOTA DE "CON" | |
| Nota de “Con” | v.1. Album no. 1 Ciudad Rodrigo. 15 vistas de la catedral.-- v.2. Album no. 1 Ciudad Rodrigo. 15 vistas de la Ciudad.-- v.3. Album no. 2 Ciudad Rodrigo. 15 vistas de la Catedral.-- v..4. Album no. 2 Ciudad Rodrigo. 15 vistas de la Ciudad. |
| 651 #4 - PUNTO DE ACCESO ADICIONAL DE MATERIA--NOMBRE GEOGRÁFICO | |
| Nombre geográfico | Ciudad Rodrigo (España) |
| 9 (RLIN) | 17086 |
| 902 ## - CATALOGADOR | |
| Iniciales | GFM |
| 942 ## - ELEMENTOS DE PUNTO DE ACCESO ADICIONAL (KOHA) | |
| Fuente del sistema de clasificación o colocación | Library of Congress Classification |
| Tipo de ítem Koha | Libros |
| Estado de retiro | Estado de pérdida | Estado dañado | No para préstamo | Localización permanente | Ubicación/localización actual | Fecha de adquisición | Número de inventario | Total de préstamos | Signatura topográfica completa | Código de barras | Fecha visto por última vez | Precio válido a partir de | Tipo de ítem Koha |
|---|---|---|---|---|---|---|---|---|---|---|---|---|---|
| El ejemplar forma parte de la colección y puede ser consultado según las políticas vigentes. | Biblioteca del Museo Franz Mayer (Rogerio Casas-Alatriste) | Biblioteca del Museo Franz Mayer (Rogerio Casas-Alatriste) | 09/11/2011 | L140 | .C58 1940 (L140) | 7302 | 22/03/2019 | 22/03/2019 | Libros |